书目信息 |
| 题名: |
生物化学产品制备技术
|
|
| 作者: | 陈来同 , 唐运 编著 | |
| 分册: | 2 | |
| 出版信息: | 北京 科学技术文献出版社 2004 |
|
| 页数: | 451页 | |
| 开本: | 23cm | |
| 丛书名: | ||
| 单 册: | ||
| 中图分类: | Q599 | |
| 科图分类: | ||
| 主题词: | 生物制品 , 化工产品 , 生物制品--化工产品--制备 , 生物化学--应用 | |
| 电子资源: | ||
| ISBN: | 7-5023-4470-5 | |
| 000 | 00878nam0 2200265 450 | |
| 001 | 002684814 | |
| 005 | 20061122143657.17 | |
| 010 | @a7-5023-4470-5@dCNY45.00 | |
| 100 | @a20040720d2004 em y0chiy0110 ea | |
| 101 | 0 | @achi |
| 102 | @aCN@b110000 | |
| 105 | @ay z 000yy | |
| 200 | 1 | @a生物化学产品制备技术@9sheng wu hua xue chan pin zhi bei ji shu@h2@f陈来同,唐运编著 |
| 210 | @a北京@c科学技术文献出版社@d2004 | |
| 215 | @a451页@d23cm | |
| 330 | @a本书以讲述如何从生物材料中提取制备生化产品为主线,介绍生化产品所涉及的理论和工艺,并介绍一些生化产品的化学结构与性质、采用的原料来源、技术等。 | |
| 606 | 0 | @a生物制品 |
| 606 | 0 | @a化工产品 |
| 606 | 0 | @a生物制品@x化工产品@x制备 |
| 606 | 0 | @a生物化学@x应用 |
| 690 | @aQ599@v4 | |
| 701 | 0 | @a陈来同@9chen lai tong@4编著 |
| 701 | 0 | @a唐运@9tang yun@4编著 |
| 801 | 0 | @aCN@bNLC@c20061122 |
| 905 | @a10447@dQ599@e125:2 | |
| 生物化学产品制备技术.2/陈来同,唐运编著.-北京:科学技术文献出版社,2004 |
| 451页;23cm |
| ISBN 7-5023-4470-5:CNY45.00 |
| 本书以讲述如何从生物材料中提取制备生化产品为主线,介绍生化产品所涉及的理论和工艺,并介绍一些生化产品的化学结构与性质、采用的原料来源、技术等。 |
| ● |
| 相关链接 |
|
|
|
|
正题名:生物化学产品制备技术
索取号:Q599/125:2
 
预约/预借
| 序号 | 登录号 | 条形码 | 馆藏地/架位号 | 状态 | 备注 |
| 1 | 0394287 | 203942877 | 第二样本阅览室/ [索取号:Q599/125:2] | 在馆 | |
| 2 | 0394288 | 203942886 | 第三借阅区/ [索取号:Q599/125:2] | 在馆 | |
| 3 | 0394289 | 203942895 | 第三借阅区/ [索取号:Q599/125:2] | 在馆 | |
| 4 | 0394290 | 203942902 | 第三借阅区/ [索取号:Q599/125:2] | 在馆 | |
| 5 | 0394291 | 203942911 | 第三借阅区/ [索取号:Q599/125:2] | 在馆 |